Visualizzazione normale
Vista MARC
- Cherubini Bixio
di Personal Name
Records bibliografici associati: 1
001 - CONTROL NUMBER
- control field: 10784
003 - CONTROL NUMBER IDENTIFIER
- control field: IT-RoPau
005 - DATE AND TIME OF LATEST TRANSACTION
- control field: 20140126205659.0
008 - FIXED-LENGTH DATA ELEMENTS
- fixed length control field: 140126|| aca||aabn | a|a d
040 ## - CATALOGING SOURCE
- Original cataloging agency: IT-RoPau
- Transcribing agency: IT-RoPau
100 ## - HEADING--PERSONAL NAME
- Personal name: Cherubini Bixio
- Dates associated with a name: Codice autore musica SPICS: 13442
- Relator term: Autore musica
- Name of part/section of a work: Toni me toca - Voga e va - Muci muci gondolier
670 ## - SOURCE DATA FOUND
- Source citation: Work cat.: (IT-RoPau)100141: AA.VV. 794, Venezia t'amo